000 00766nam a2200229 a 4500
001 56313
003 BD-RjUL
005 20211209080400.0
008 161128s1960 bg ||||| |||| 00| 0 ben d
020 _c: TK 2.00
035 _a(BD-RjUL)56437
040 _aBD-RjUL
_bben
_cBD-RjUL
041 _aben
082 _223
_a891.442
_bHAD 1960
100 _aহক, শেখ শামসুল
_9167192
245 1 0 _aদাওয়াল :
_bসামাজিক নাটক /
_cশেখ শামসুল হক
260 _aঢাকা :
_bগ্রন্থগার,
_c১৯৬০
300 _a১৬৫ পৃ. ;
_c১৭ সেমি .
650 _aবাংলা নাটক
_9167567
650 _aBengali Drama
_9167568
942 _2ddc
_cBK
999 _c56313
_d56313